[Event "Sardinia World Open A"]
[Site "Orosei ITA"]
[Date "2026.05.05"]
[Round "3.25"]
[White "Savitha, Shri B"]
[Black "Gilad, Tomer"]
[Result "1-0"]
[WhiteTitle "IM"]
[WhiteElo "2374"]
[BlackElo "1919"]
[WhiteFideId "35061887"]
[BlackFideId "2835720"]
[EventDate "2026.05.03"]

1. e4 c5 2. Nf3 e6 3. d4 cxd4 4. Nxd4 Nf6 5. Nc3 Nc6 6. a3 Be7 7. Be2 O-O 8. O-O
d5 9. exd5 Nxd5 10. Nxc6 bxc6 11. Na2 Qc7 12. c4 Nf4 13. Bf3 Rb8 14. Qc2 Bf6 15.
Rd1 c5 16. Nc3 Ba6 17. Qa4 Rb6 18. Be3 Bxc3 19. bxc3 Ng6 20. Rd7 Qc8 21. Rxa7
Nh4 22. Be4 f5 23. Ra8 Qc7 24. Rxa6 fxe4 25. Rxb6 Qxb6 26. Qb5 Qc7 27. Qxc5 Qd7
28. Qe5 Qc6 29. c5 Rd8 30. Bd4 Rd7 31. Qb8+ Kf7 32. Qf4+ Nf5 33. Re1 e3 34. fxe3
Kg8 35. Qb8+ Kf7 36. Rf1 g5 37. Qe5 Kg6 38. Qf6+ 1-0

[Event "Sardinia World Open A"]
[Site "Orosei ITA"]
[Date "2026.05.05"]
[Round "3.26"]
[White "Sonis, Francesco"]
[Black "Belkovsky, Guy"]
[Result "1-0"]
[WhiteTitle "GM"]
[WhiteElo "2556"]
[BlackElo "2042"]
[WhiteFideId "895733"]
[BlackFideId "2849100"]
[EventDate "2026.05.03"]

1. c4 c5 2. Nf3 g6 3. d4 cxd4 4. Nxd4 Nc6 5. e4 Nf6 6. Nc3 d6 7. Nc2 Bg7 8. Be2
O-O 9. O-O a5 10. Be3 a4 11. f3 Be6 12. Rc1 Qa5 13. Na3 Rfc8 14. Nd5 Nd7 15. Rc2
Kh8 16. Kh1 Qd8 17. Rd2 Bxd5 18. exd5 Nb4 19. Qb1 Na6 20. Re1 Bf6 21. Bf1 Nac5
22. Qd1 Kg7 23. f4 Nf8 24. Qf3 Qa5 25. Red1 Kg8 26. Nb5 Nfd7 27. g4 Bg7 28. h4
Qd8 29. h5 Nf6 30. Rh2 a3 31. b4 Na4 32. hxg6 fxg6 33. g5 Nh5 34. f5 Qf8 35. Rh3
Nb2 36. Rc1 Be5 37. Qg4 Qf7 38. Rxh5 gxh5 39. Qe4 Kh8 40. Nd4 Ra4 41. Bd2 Kg8
42. Ne6 b6 43. Be2 Raa8 44. Rg1 Rf8 45. Rf1 b5 46. cxb5 Rac8 47. Qh4 Kh8 48.
Bxh5 Rc4 49. Qh3 Qg8 50. Nxf8 1-0

[Event "Sardinia World Open A"]
[Site "Orosei ITA"]
[Date "2026.05.05"]
[Round "3.27"]
[White "Manukyan, Sargis A."]
[Black "Eden, James"]
[Result "1-0"]
[WhiteTitle "FM"]
[BlackTitle "IM"]
[WhiteElo "2376"]
[BlackElo "2218"]
[WhiteFideId "13303970"]
[BlackFideId "666491"]
[EventDate "2026.05.03"]

1. d4 d5 2. c4 e6 3. Nc3 Be7 4. Nf3 Nf6 5. Bg5 h6 6. Bxf6 Bxf6 7. Qc2 dxc4 8.
O-O-O O-O 9. e4 c5 10. e5 Bg5+ 11. Kb1 cxd4 12. Rxd4 Qa5 13. Nxg5 hxg5 14. h4 g4
15. Rxg4 Qxe5 16. Re4 Qd6 17. Bxc4 Nc6 18. Rd1 Qc5 19. Rg4 Qf5 20. Re4 e5 21.
Bd3 Be6 22. Re3 Qf4 23. g3 Qh6 24. Qa4 Rfd8 25. Ree1 Rd4 26. Qb5 Rad8 27. Bc2
Rxd1+ 28. Rxd1 Rxd1+ 29. Nxd1 Qd2 30. Qc5 Nb4 31. b3 Bf5 32. Bxf5 Qxd1+ 33. Kb2
Nc6 34. Be4 Qe2+ 35. Qc2 Qxc2+ 36. Kxc2 Nd4+ 37. Kd3 b6 38. f4 f6 39. fxe5 fxe5
40. Bd5+ Kf8 41. Ke4 Ne2 42. Kxe5 Nxg3 43. Bf3 Ke7 44. Kf4 Nf1 45. Be2 Nd2 46.
Ke3 Nb1 47. Kd3 b5 48. b4 a5 49. bxa5 Kd6 50. Kc2 Na3+ 51. Kb2 b4 52. a6 Kc6 53.
Bd3 Kd5 1-0

[Event "Sardinia World Open A"]
[Site "Orosei ITA"]
[Date "2026.05.05"]
[Round "3.29"]
[White "Jirasek, Pavel"]
[Black "Kantane, Anna"]
[Result "1-0"]
[WhiteTitle "FM"]
[BlackTitle "WIM"]
[WhiteElo "2371"]
[BlackElo "2216"]
[WhiteFideId "319848"]
[BlackFideId "1135988"]
[EventDate "2026.05.03"]

1. c4 e5 2. Nc3 Nc6 3. g3 Bc5 4. Bg2 a6 5. Nf3 d6 6. e3 Ba7 7. O-O Nf6 8. b3 O-O
9. h3 h6 10. d4 Rb8 11. dxe5 Nxe5 12. Nxe5 dxe5 13. Ba3 Re8 14. Qxd8 Rxd8 15.
Rfd1 Rxd1+ 16. Rxd1 Be6 17. Nd5 Nxd5 18. cxd5 Bd7 19. Bb4 Bb6 20. a4 a5 21. Ba3
f6 22. g4 Kf7 23. Bf1 Ke8 24. Bd3 Kf7 25. Kg2 g6 26. Rc1 c6 27. Bc4 cxd5 28.
Bxd5+ Be6 29. Be4 Rc8 30. Rxc8 Bxc8 31. b4 Bd7 32. Bd5+ Kg7 33. b5 f5 34. Bb2
Bc7 35. gxf5 Bxf5 36. Bxb7 Bc2 37. b6 Bxb6 38. Bxe5+ Kf7 39. Bc6 Ke6 40. Bg7 h5
41. Kf3 Bc7 42. Bd4 Bd1+ 43. Kg2 g5 44. Be8 Ke7 45. Bb5 Ke6 46. Bc6 Bc2 47. Bc3
Bb6 48. Bd2 Bd1 49. Be1 Bd8 50. f3 Kd6 51. Be8 h4 52. Bc3 Ke7 53. Bb5 Ke6 54.
Kf2 Kf7 55. Be5 Ke6 56. Bb8 Bb6 57. Bc6 Kf6 58. f4 gxf4 59. Bxf4 Bb3 60. Kf3
Bd1+ 61. Kg2 Kf5 62. Kf2 Kf6 63. Bd6 Ke6 64. Bf8 Kf7 65. Ba3 Kf6 66. Bb2+ Ke6
67. Bc3 Kd6 68. Bb5 Ke6 69. Bg7 Kf7 70. Bh8 Ke6 71. Bc3 Kf7 72. Bc6 Ke6 73. Be1
Kf5 74. Kg2 Bd8 75. e4+ Ke6 76. Bc3 Kd6 77. Bb5 Ke6 78. Bd4 Bb3 79. Kf3 Bd1+ 80.
Kf4 Bc7+ 81. Kg5 Bd8+ 82. Kf4 Bc7+ 83. e5 Bc2 84. Bc4+ Kd7 85. Kg4 Bxa4 86. Kxh4
Bc2 87. Kg5 a4 88. Kf6 Ke8 89. Bb5+ Kf8 90. Bc5+ Kg8 91. e6 Bd8+ 92. e7 Bxe7+
93. Bxe7 Kh7 94. Kg5 Bb3 95. Bd3+ Kg8 96. h4 Kf7 97. Ba3 1-0

[Event "Sardinia World Open A"]
[Site "Orosei ITA"]
[Date "2026.05.05"]
[Round "3.30"]
[White "Saine, Zachary"]
[Black "Shilon Rahav, Eliran"]
[Result "1-0"]
[BlackTitle "FM"]
[WhiteElo "2135"]
[BlackElo "2340"]
[WhiteFideId "2624346"]
[BlackFideId "2844958"]
[EventDate "2026.05.03"]

1. e4 c5 2. Nf3 Nc6 3. d4 cxd4 4. Nxd4 Nf6 5. Nc3 e5 6. Ndb5 d6 7. Bg5 a6 8. Na3
b5 9. Nd5 Be7 10. Bxf6 Bxf6 11. c4 b4 12. Nc2 a5 13. Qf3 Be7 14. Be2 O-O 15. O-O
Bg5 16. Rad1 Kh8 17. Qg3 Be6 18. Bg4 Rb8 19. b3 Bh6 20. c5 Qc8 21. Nb6 Qc7 22.
Rxd6 Rxb6 23. Rxe6 fxe6 24. cxb6 Qxb6 25. Bxe6 Nd4 26. Nxd4 Qxd4 27. Bd5 g6 28.
Qh3 Bg7 29. Qd7 h5 30. h4 Qd2 31. Qa4 g5 32. hxg5 Qxg5 33. Qxa5 h4 34. Be6 Qd2
35. a4 Qc3 36. Qd5 Bh6 37. Bf5 Kg7 38. Qe6 Rf6 39. Qe7+ Rf7 40. Qxh4 Rf6 41. Rd1
Bd2 42. Qh7+ Kf8 43. Qd7 Bh6 44. Qd8+ Kg7 45. Rd7+ Rf7 46. Rxf7+ Kxf7 47. Qd7+
Kf8 48. Qd6+ Kf7 49. Qe6+ 1-0

[Event "Sardinia World Open A"]
[Site "Orosei ITA"]
[Date "2026.05.05"]
[Round "3.31"]
[White "Darshan G"]
[Black "Kavutskiy, Kostya"]
[Result "0-1"]
[WhiteTitle "CM"]
[BlackTitle "IM"]
[WhiteElo "2073"]
[BlackElo "2318"]
[WhiteFideId "25157760"]
[BlackFideId "2026384"]
[EventDate "2026.05.03"]

1. c4 g6 2. g3 Bg7 3. Bg2 c5 4. Nc3 Nc6 5. Nf3 d6 6. O-O Bf5 7. h3 e5 8. a3 a5
9. d3 Nge7 10. Ne1 Be6 11. Bg5 f6 12. Bd2 O-O 13. Nd5 Bf7 14. Nxe7+ Qxe7 15. Nc2
a4 16. Rb1 f5 17. b4 axb3 18. Rxb3 Ra7 19. Bc3 h5 20. Ne3 h4 21. Nd5 Qg5 22. Qc1
Qh5 23. Bf3 Qh8 24. Kg2 hxg3 25. fxg3 Kh7 26. Qb2 Rb8 27. h4 Qe8 28. g4 Ne7 29.
Nxe7 Qxe7 30. g5 Be6 31. Rb1 e4 32. dxe4 fxe4 33. Bxe4 Bxc4 34. Qc2 Qe6 35. Bxg7
Bxb3 36. Rxb3 Kxg7 37. Rf3 Re8 38. Bd3 b6 39. Qb2+ Qe5 40. Qxb6 Rf7 41. Rxf7+
Kxf7 42. Qb7+ Re7 43. Qc8 Kg7 44. Qg4 d5 45. e4 c4 46. Bc2 d4 47. h5 d3 0-1

[Event "Sardinia World Open A"]
[Site "Orosei ITA"]
[Date "2026.05.05"]
[Round "4.1"]
[White "Jacobson, Brandon"]
[Black "Nepomniachtchi, Ian"]
[Result "1/2-1/2"]
[WhiteTitle "GM"]
[BlackTitle "GM"]
[WhiteElo "2594"]
[BlackElo "2729"]
[WhiteFideId "30901561"]
[BlackFideId "4168119"]
[EventDate "2026.05.03"]

1. Nf3 d5 2. e3 Nf6 3. c4 e6 4. Nc3 Be7 5. b3 O-O 6. Bb2 c5 7. cxd5 exd5 8. d4
Nc6 9. Be2 Ne4 10. O-O Bf6 11. Rc1 cxd4 12. Nxe4 dxe4 13. Nxd4 Nxd4 14. Bxd4
Bxd4 1/2-1/2

[Event "Sardinia World Open A"]
[Site "Orosei ITA"]
[Date "2026.05.05"]
[Round "4.2"]
[White "Mendonca, Leon Luke"]
[Black "Averin, Nikolay"]
[Result "1/2-1/2"]
[WhiteTitle "GM"]
[BlackTitle "IM"]
[WhiteElo "2613"]
[BlackElo "2416"]
[WhiteFideId "35028561"]
[BlackFideId "24250473"]
[EventDate "2026.05.03"]

1. Nf3 d5 2. d4 Nf6 3. c4 e6 4. Nc3 Be7 5. cxd5 exd5 6. Bf4 c6 7. e3 Bf5 8. Nh4
Bg4 9. Qc2 Nh5 10. h3 Be6 11. Nf3 O-O 12. Bd3 g6 13. Be5 Nd7 14. Bh2 Ng7 15. O-O
Bf5 16. Rab1 Nb6 17. Nd2 Bxd3 18. Qxd3 Nf5 19. b4 a6 20. a4 Bd6 21. a5 Nc8 22.
Na4 Re8 23. Nc5 1/2-1/2

[Event "Sardinia World Open A"]
[Site "Orosei ITA"]
[Date "2026.05.05"]
[Round "4.3"]
[White "Kuru, Atilla"]
[Black "Puranik, Abhimanyu"]
[Result "1/2-1/2"]
[WhiteTitle "IM"]
[BlackTitle "GM"]
[WhiteElo "2464"]
[BlackElo "2607"]
[WhiteFideId "51607948"]
[BlackFideId "5061245"]
[EventDate "2026.05.03"]

1. e4 c5 2. Nf3 Nc6 3. Nc3 g6 4. d4 cxd4 5. Nxd4 Bg7 6. Be3 Nf6 7. Bc4 O-O 8.
Bb3 d6 9. f3 Nxd4 10. Bxd4 Be6 11. Qd2 Qa5 12. O-O-O b5 13. Kb1 b4 14. Bxe6 fxe6
15. Ne2 Qb5 16. h4 Rf7 17. Rc1 Rc8 18. Qd3 Qb8 19. Qb3 Bh6 20. Be3 Bxe3 21. Qxe3
e5 22. g4 Qb5 23. h5 gxh5 24. g5 Nd7 25. Rxh5 Qc5 26. Qb3 Qc4 27. Qe3 Qc5 28.
Qb3 Qc4 1/2-1/2

[Event "Sardinia World Open A"]
[Site "Orosei ITA"]
[Date "2026.05.05"]
[Round "4.4"]
[White "Suyarov, Mukhammadzokhid"]
[Black "Maghsoodloo, Parham"]
[Result "1/2-1/2"]
[WhiteTitle "IM"]
[BlackTitle "GM"]
[WhiteElo "2534"]
[BlackElo "2710"]
[WhiteFideId "14210495"]
[BlackFideId "12539929"]
[EventDate "2026.05.03"]

1. e4 c6 2. Nf3 d5 3. Nc3 dxe4 4. Nxe4 Nf6 5. Qe2 Na6 6. a3 Nxe4 7. Qxe4 Qd5 8.
Qf4 Nc5 9. Bc4 Qe4+ 10. Qxe4 Nxe4 11. O-O Nd6 12. Bb3 Bg4 13. Ne5 Bf5 14. f4 h5
15. d3 e6 16. Be3 Be7 17. a4 a5 18. Bf2 Bd8 19. Bc5 Bc7 20. Rae1 Rd8 21. h3 h4
22. Bf2 Rc8 23. Nf3 Bd8 24. Bc5 Bc7 25. Bf2 Bd8 26. Bc5 Bc7 27. Bf2 1/2-1/2

[Event "Sardinia World Open A"]
[Site "Orosei ITA"]
[Date "2026.05.05"]
[Round "4.5"]
[White "Ohanyan, Emin"]
[Black "Saric, Ivan"]
[Result "1-0"]
[WhiteTitle "GM"]
[BlackTitle "GM"]
[WhiteElo "2508"]
[BlackElo "2657"]
[WhiteFideId "13312022"]
[BlackFideId "14508150"]
[EventDate "2026.05.03"]

1. e4 c5 2. Nc3 Nc6 3. Nf3 g6 4. d4 cxd4 5. Nxd4 Bg7 6. Be3 Nf6 7. Nxc6 bxc6 8.
e5 Ng8 9. Bd4 Qa5 10. f4 f6 11. Qe2 Rb8 12. O-O-O Rb4 13. Qe3 fxe5 14. Bxe5 Bxe5
15. fxe5 Qb6 16. Qd2 Rxb2 17. Bc4 Rb4 18. Bb3 h5 19. Rhe1 Nh6 20. Ne4 Nf7 21.
Qf4 Rxb3 22. axb3 O-O 23. Qh4 Qa5 24. Kb1 Re8 25. g4 hxg4 26. Ng5 Nxg5 27. Qxg5
Kg7 28. h4 d6 29. exd6 Qxg5 30. hxg5 Bf5 31. Rxe7+ Rxe7 32. dxe7 Kf7 33. Re1 Ke8
34. Re3 g3 35. Rxg3 Kxe7 36. Re3+ Kd6 37. Kb2 a6 38. Re8 Kc7 39. c4 Kb6 40. Kc3
c5 41. Rf8 Be4 42. Rf6+ Kb7 43. Kb2 1-0

[Event "Sardinia World Open A"]
[Site "Orosei ITA"]
[Date "2026.05.05"]
[Round "4.6"]
[White "Muthaiah, AL"]
[Black "Svane, Frederik"]
[Result "0-1"]
[WhiteTitle "IM"]
[BlackTitle "GM"]
[WhiteElo "2448"]
[BlackElo "2645"]
[WhiteFideId "5092442"]
[BlackFideId "12923044"]
[EventDate "2026.05.03"]

1. Nf3 d5 2. e3 Nf6 3. c4 e6 4. Nc3 Bd6 5. b3 O-O 6. Bb2 Nbd7 7. Qc2 c6 8. Be2
Re8 9. d4 b6 10. O-O Bb7 11. a4 h6 12. h3 Rb8 13. Rad1 a6 14. e4 Nxe4 15. Nxe4
dxe4 16. Qxe4 c5 17. Qe3 Qc7 18. Bd3 f5 19. Rfe1 Rbd8 20. Bc2 a5 21. Ne5 Nxe5
22. dxe5 Be7 23. Rxd8 Rxd8 24. Rd1 Qc6 25. Rxd8+ Bxd8 26. f3 Bh4 27. Bc3 Qd7 28.
Qd3 Qxd3 29. Bxd3 Bg3 30. Kf1 Kf7 31. Ke2 Kg6 32. Ke3 Kg5 33. Be2 Bc6 34. Bd1
Bb7 35. Ke2 Ba8 36. Bc2 Bc6 37. Bd1 Be8 38. Bc2 Bg6 39. Bd2+ Kh4 40. Bc3 Bh5 41.
Bd1 Be8 42. Bc2 Bg6 43. Kf1 Bh5 44. Bd1 g5 45. Bc2 Be8 46. Bd1 Bg6 47. Bc2 Bh5
48. Bd3 g4 49. hxg4 fxg4 50. Be4 Kg5 51. Ke2 Bf4 52. Kf2 g3+ 53. Ke2 Bg6 54. Kd3
Bf5 55. Ke2 Bxe4 56. fxe4 Kg4 57. Kf1 Be3 58. Be1 h5 59. Ke2 Bd4 60. Kf1 h4 0-1

[Event "Sardinia World Open A"]
[Site "Orosei ITA"]
[Date "2026.05.05"]
[Round "4.7"]
[White "Martirosyan, Haik M."]
[Black "Hardaway, Brewington"]
[Result "1-0"]
[WhiteTitle "GM"]
[BlackTitle "GM"]
[WhiteElo "2636"]
[BlackElo "2510"]
[WhiteFideId "13306553"]
[BlackFideId "30941849"]
[EventDate "2026.05.03"]

1. d4 d5 2. c4 e6 3. Nf3 Nf6 4. Nc3 dxc4 5. e4 b5 6. e5 Nd5 7. Nxb5 Nb6 8. Be2
Nc6 9. O-O Be7 10. Be3 Bb7 11. Nc3 O-O 12. Na4 Nb4 13. Nxb6 axb6 14. Bxc4 Nd5
15. Bd2 Ba6 16. Bxa6 Rxa6 17. Qe2 Qa8 18. a3 Ra4 19. Rac1 b5 20. Qe4 h6 21. Qg4
Kh7 22. Rc2 Qa7 23. Qh5 b4 24. axb4 Bxb4 25. Bc1 Ra1 26. Qg4 Qa4 27. Qe4+ Kg8
28. g3 Be7 29. Re2 Rb8 30. Qg4 Kf8 31. Ree1 Ra2 32. Qe4 Kg8 33. h4 c5 34. dxc5
Rb4 35. Qe2 Bxc5 36. Rd1 Bb6 37. Rd2 Rb3 38. Kh2 Qg4 39. Nd4 Qxe2 40. Nxe2 Ra4
41. Rc2 Bc7 42. f4 Bb6 43. Bd2 Be3 44. Rf3 Ra2 45. Bc1 Ra4 46. Kh3 Rab4 47. h5
Kh7 48. Nc3 Bxc1 49. Rxc1 Ne7 50. Rf2 Rxb2 51. Rxb2 Rxb2 52. Ne4 Nf5 53. Rc7 Re2
54. Nd6 Nxd6 55. exd6 Rd2 56. d7 Rd5 57. g4 g5 58. fxg5 hxg5 59. d8=Q Rxd8 60.
Rxf7+ Kg8 61. Rf6 Rd3+ 62. Kg2 Rd5 63. Rxe6 Kf7 64. Re4 Ra5 65. Kf3 Kf6 66. Rc4
Ke5 67. Rc3 Kf6 68. Rb3 Ra6 69. Rb4 Rc6 70. Rb5 Rc3+ 71. Kf2 Rc2+ 72. Ke3 Rc3+
73. Ke2 Rc2+ 74. Kd3 Rf2 75. Rb6+ Ke5 76. Rg6 Rf3+ 77. Ke2 Rh3 78. Rxg5+ Kf4 79.
Rg6 Rh2+ 80. Kd3 Ke5 81. h6 Rh3+ 82. Kc4 Rh4 83. Kb5 Rh1 84. g5 Kf5 85. Rg7 Rb1+
86. Kc6 Rb8 87. h7 Rh8 88. g6 1-0

[Event "Sardinia World Open A"]
[Site "Orosei ITA"]
[Date "2026.05.05"]
[Round "4.8"]
[White "Dardha, Daniel"]
[Black "Velten, Paul"]
[Result "1-0"]
[WhiteTitle "GM"]
[BlackTitle "GM"]
[WhiteElo "2602"]
[BlackElo "2487"]
[WhiteFideId "240990"]
[BlackFideId "681091"]
[EventDate "2026.05.03"]

1. d4 d5 2. c4 c6 3. Nf3 Nf6 4. e3 a6 5. Bd3 dxc4 6. Bxc4 e6 7. Nc3 c5 8. O-O b5
9. Be2 Nbd7 10. d5 exd5 11. Nxd5 Bb7 12. Nxf6+ Qxf6 13. a4 b4 14. e4 h6 15. e5
Qe6 16. b3 Bd5 17. Nd2 Be7 18. Bb2 Rd8 19. f4 f5 20. Qc2 O-O 21. Bf3 Nb6 22. a5
Bxf3 23. Rxf3 Nd5 24. Nc4 g5 25. fxg5 hxg5 26. Nd6 Bxd6 27. exd6 g4 28. Rf2 Rxd6
29. Re2 Qg6 30. Re5 Nf6 31. Rf1 Nd7 32. Re7 Rf7 33. Re8+ Rf8 34. Re7 Rf7 35. Qc4
Kf8 36. Re2 Re7 37. Ref2 Rf7 38. Qf4 Rd5 39. Re2 Kg8 40. Rfe1 Nf8 41. Re8 Kh7
42. R1e7 Rd1+ 43. Kf2 Rb1 44. Qe5 Kh6 45. Qh8+ Nh7 46. Re6 Rxb2+ 47. Qxb2 Nf6
48. Rh8+ Kg7 49. Ree8 f4 50. Reg8# 1-0

[Event "Sardinia World Open A"]
[Site "Orosei ITA"]
[Date "2026.05.05"]
[Round "4.9"]
[White "Bai, Adelard"]
[Black "Lodici, Lorenzo"]
[Result "0-1"]
[WhiteTitle "IM"]
[BlackTitle "GM"]
[WhiteElo "2436"]
[BlackElo "2590"]
[WhiteFideId "16301188"]
[BlackFideId "884189"]
[EventDate "2026.05.03"]

1. d4 e6 2. c4 b6 3. e4 Bb4+ 4. Nd2 Bb7 5. Qc2 f5 6. exf5 Ne7 7. f6 gxf6 8. a3
Bxd2+ 9. Bxd2 c5 10. dxc5 bxc5 11. Bc3 O-O 12. Bd3 Bxg2 13. Bxh7+ Kh8 14. Be4
Bxh1 15. Bxh1 Nbc6 16. O-O-O Rc8 17. Rd3 Nf5 18. Qd1 Rf7 19. Be4 Ncd4 20. Ne2
Qc7 21. Bxf5 Nxf5 22. Qg1 Rcf8 23. Rh3+ Rh7 24. Qg4 Rxh3 25. Qxh3+ Kg7 26. Qg4+
Kf7 27. Nf4 Rg8 28. Qh5+ Kf8 29. Ng6+ Kg7 30. f4 Nd4 31. Kb1 d6 32. f5 Nxf5 33.
Nf4 Qf7 34. Qe2 Kh7 35. Ka2 e5 36. Qd3 Rg5 37. Nd5 Kg7 38. Bd2 Rh5 39. Qf3 Qg6
40. Nc7 Rxh2 41. Ne6+ Kh8 42. Qb7 Ng7 43. Nxg7 Qxg7 44. Qb8+ Qg8 45. Qb3 Rh4 46.
Qf3 Qxc4+ 47. Ka1 Kg7 48. Qb7+ Kg6 49. Qg2+ Rg4 50. Qh1 Rh4 51. Qg2+ Qg4 52. Qd5
Qd7 53. Qg8+ Qg7 54. Qd5 Rd4 55. Qg2+ Kh7 56. Qh3+ Kg8 57. Qc8+ Qf8 58. Qe6+ Qf7
59. Qc8+ Kg7 60. Bc1 Rh4 61. Qf5 Rh1 62. Qg4+ Kh8 0-1

[Event "Sardinia World Open A"]
[Site "Orosei ITA"]
[Date "2026.05.05"]
[Round "4.10"]
[White "Favaloro, Andrea"]
[Black "Amar, Elham"]
[Result "0-1"]
[WhiteTitle "IM"]
[BlackTitle "GM"]
[WhiteElo "2395"]
[BlackElo "2576"]
[WhiteFideId "885940"]
[BlackFideId "1533533"]
[EventDate "2026.05.03"]

1. Nf3 Nf6 2. g3 b6 3. Bg2 Bb7 4. c4 c5 5. Nc3 g6 6. d4 cxd4 7. Qxd4 Bg7 8. O-O
O-O 9. Qh4 d6 10. Bh6 Nbd7 11. Rfd1 Rc8 12. b3 Rc5 13. Bxg7 Kxg7 14. Qd4 Qa8 15.
Ne1 Bxg2 16. Nxg2 h5 17. h4 Qb7 18. Ne3 Re5 19. b4 Rc8 20. a4 Kg8 21. Ncd5 Nxd5
22. cxd5 Nf6 23. f3 a5 24. Rab1 axb4 25. Rxb4 Rc5 26. Rb5 Qd7 27. Rxc5 bxc5 28.
Qf4 c4 29. Kf2 Qxa4 30. Qxc4 Qxc4 31. Nxc4 Rxd5 32. Rxd5 Nxd5 33. e4 Nc7 34. Ke3
f6 35. Nb2 Kf7 36. Nd3 Ne6 37. Nb4 f5 38. Nd5 Ng7 39. Kf4 e5+ 40. Ke3 Ne8 41.
Nc3 Nf6 42. Kd3 Ke6 43. Nd1 fxe4+ 44. fxe4 d5 45. exd5+ Nxd5 46. Ke4 Ne7 47. Nf2
Nd5 48. Nd1 Nf6+ 49. Kf3 Kd5 50. Ke3 Ng4+ 51. Kf3 Kd4 52. Ke2 e4 53. Kd2 Ne5 54.
Ke2 Ng4 55. Kd2 Nh6 56. Ke2 Nf5 57. Kf2 e3+ 58. Kf3 Kd3 59. Nxe3 Nxe3 60. Kf4
Ke2 0-1

[Event "Sardinia World Open A"]
[Site "Orosei ITA"]
[Date "2026.05.05"]
[Round "4.11"]
[White "Zeng, Chongsheng"]
[Black "Song, Yuxin"]
[Result "1-0"]
[WhiteTitle "GM"]
[BlackTitle "IM"]
[WhiteElo "2557"]
[BlackElo "2462"]
[WhiteFideId "8603847"]
[BlackFideId "8614300"]
[EventDate "2026.05.03"]

1. d4 Nf6 2. c4 e6 3. Nf3 d5 4. Nc3 c5 5. e3 Nc6 6. a3 dxc4 7. Bxc4 a6 8. Bd3
cxd4 9. exd4 b5 10. O-O Bb7 11. Bg5 Be7 12. Bc2 h6 13. Be3 Nd5 14. Ne4 Qc7 15.
Qe2 Rd8 16. Rac1 Qb8 17. Bb1 e5 18. Rxc6 Bxc6 19. Nxe5 Bb7 20. Qg4 g6 21. Qf3
Rh7 22. Bd2 Nb6 23. Re1 Nd7 24. Nxd7 Kxd7 25. Qg4+ Kc6 26. Bf4 Qa8 27. d5+ Rxd5
28. Rc1+ Kb6 29. Be3+ Ka5 30. b4+ Ka4 31. Nc5+ 1-0

[Event "Sardinia World Open A"]
[Site "Orosei ITA"]
[Date "2026.05.05"]
[Round "4.12"]
[White "Niedbala, Bartlomiej"]
[Black "Yilmaz, Mustafa"]
[Result "0-1"]
[WhiteTitle "IM"]
[BlackTitle "GM"]
[WhiteElo "2378"]
[BlackElo "2549"]
[WhiteFideId "21834008"]
[BlackFideId "6302718"]
[EventDate "2026.05.03"]

1. d4 Nf6 2. c4 e6 3. Nf3 d5 4. Nc3 Nbd7 5. Qc2 dxc4 6. e4 c5 7. Bxc4 cxd4 8.
Nxd4 Ne5 9. Bb5+ Bd7 10. O-O a6 11. Bxd7+ Nfxd7 12. Rd1 Bc5 13. Qe2 Rc8 14. h3
O-O 15. Nf3 Qf6 16. Nxe5 Nxe5 17. Be3 Bxe3 18. Qxe3 Nc4 19. Qe2 Rc6 20. Rd7 b5
21. Rad1 g5 22. Re1 Ne5 23. Rd2 Rfc8 24. Nd1 Qf4 25. Ne3 Qxe4 26. Qd1 Qf4 27.
Rd8+ Kg7 28. Rd4 Qf6 29. f4 Rc1 30. fxe5 Qxe5 0-1

[Event "Sardinia World Open A"]
[Site "Orosei ITA"]
[Date "2026.05.05"]
[Round "4.13"]
[White "Aditya, Mittal"]
[Black "Savitha, Shri B"]
[Result "1-0"]
[WhiteTitle "GM"]
[BlackTitle "IM"]
[WhiteElo "2619"]
[BlackElo "2374"]
[WhiteFideId "35042025"]
[BlackFideId "35061887"]
[EventDate "2026.05.03"]

1. e4 c5 2. Nc3 Nc6 3. Bb5 e6 4. Bxc6 bxc6 5. d3 d6 6. f4 g6 7. Nf3 Bg7 8. e5 d5
9. b3 Ne7 10. Na4 O-O 11. Ba3 c4 12. dxc4 Re8 13. Qd2 Ba6 14. O-O-O Bf8 15. Qc3
Qc8 16. Qa5 dxc4 17. Nc5 Bb5 18. Nd7 Nd5 19. Nxf8 Rxf8 20. Bxf8 Qxf8 21. Rd4 c3
22. Ng5 Rb8 23. Ne4 c5 24. Rdd1 Nxf4 25. Nxc3 Bc6 26. Rd6 Bxg2 27. Rhd1 Nd5 28.
Rd2 Bh1 29. Nxd5 exd5 30. Qxc5 Be4 31. Qxa7 Ra8 32. Qc7 Rc8 33. Qb6 Qe7 34. Qd4
Qc7 35. c4 Qa5 36. Rd7 Qa3+ 37. Kd1 Bf3+ 38. Ke1 Re8 39. Kf2 Be4 40. e6 f6 41.
Qxf6 1-0

[Event "Sardinia World Open A"]
[Site "Orosei ITA"]
[Date "2026.05.05"]
[Round "4.14"]
[White "Negrean, Andrei"]
[Black "Idani, Pouya"]
[Result "0-1"]
[WhiteTitle "FM"]
[BlackTitle "GM"]
[WhiteElo "2353"]
[BlackElo "2594"]
[WhiteFideId "1291513"]
[BlackFideId "12510130"]
[EventDate "2026.05.03"]

1. e4 c5 2. Nf3 d6 3. d4 cxd4 4. Nxd4 Nf6 5. Nc3 a6 6. Be2 e5 7. Nf3 Be6 8. Ng5
Be7 9. Nxe6 fxe6 10. Bh5+ g6 11. Bg4 Qd7 12. Bh3 Nc6 13. O-O O-O 14. f4 b5 15.
Kh1 Rad8 16. f5 exf5 17. exf5 g5 18. Bxg5 d5 19. Qe1 b4 20. Ne2 Kh8 21. Qh4 Qd6
22. Ng3 Rf7 23. Nh5 Rdf8 24. Rad1 Nxh5 25. Qxh5 Bxg5 26. Qxg5 Nd4 27. c3 bxc3
28. bxc3 Ne2 29. Qe3 Nf4 30. Rde1 Nxh3 31. Qxh3 e4 32. g4 Qe5 33. Qg3 Qxg3 34.
hxg3 Rc8 35. Re3 h6 36. Rb1 Rfc7 37. Rb6 Rxc3 38. Rxc3 Rxc3 39. Rxh6+ Kg7 40. g5
Rxg3 41. Rxa6 e3 42. Rg6+ Kf7 43. Rf6+ Ke7 44. Re6+ Kd7 45. Kh2 Rxg5 46. Rxe3
Rxf5 47. Kg2 Kc6 48. Rf3 Re5 49. Kf1 Kb5 50. Rf2 Kc4 51. Re2 Rh5 52. Ke1 Kd3 53.
Rd2+ Kc3 54. Rg2 d4 55. Rg8 Rh1+ 56. Kf2 Ra1 57. Rc8+ Kd2 58. Rc4 d3 59. a4 Rc1
60. Rh4 Kc3 61. Rh3 Kc2 62. Ke3 d2 63. Rh2 Re1+ 64. Kd4 Ra1 65. Ke3 Ra3+ 66. Kd4
Rxa4+ 67. Ke3 Ra3+ 68. Kd4 Kc1 0-1